Sports Quiz

Random Sports Quiz

2014 AFL Grand Final Players Quiz Stats

 Plays Quiz not verified by Sporcle

Challenge
Share
Tweet
Embed
Score 0/46 Timer 08:00
0 Plays Today
Named Position Name % Correct
Half Back FlankSam Mitchell
96.6%
Half Forward FlankLance Franklin
96.6%
Centre Half ForwardJarryd Roughead
95.4%
Back PocketNick Smith
95.4%
Half Forward FlankLuke Hodge
94.3%
Half Forward FlankIsaac Smith
94.3%
Full Forward Kurt Tippett
94.3%
Full BackBrian Lake
93.1%
Full ForwardJack Gunston
92%
CoachAlistair Clarkson
92%
WingJordan Lewis
90.8%
Forward PocketLuke Breust
90.8%
InterchangeCyril Rioli
90.8%
RuckDavid Hale
89.7%
CoachJohn Longmire
89.7%
InterchangeJosh Kennedy
88.5%
Back PocketJosh Gibson
86.2%
Full BackTed Richards
86.2%
Centre Half BackHeath Grundy
85.1%
Ruck Mike Pyke
85.1%
RoverJarryd McVeigh
85.1%
Forward PocketAdam Goodes
82.8%
WingLewis Jetta
81.6%
Named Position Name % Correct
WingDaniel Hannebery
81.6%
WingBradley Hill
80.5%
CentreKieren Jack
80.5%
Back PocketGrant Birchall
78.2%
Forward PocketBen McEvoy
78.2%
InterchangeNick Malceski
74.7%
Ruck RoverLuke Parker
73.6%
InterchangePaul Puopolo
72.4%
CentreWilliam Langford
70.1%
RoverShaun Burgoyne
70.1%
Centre Half ForwardSam Reid
70.1%
Forward PocketBen McGlynn
70.1%
Half Back FlankMatthew Suckling
69%
Half Back FlankDane Rampe
67.8%
Centre Half BackBen Stratton
65.5%
Back PocketRhyce Shaw
64.4%
Half Back FlankGary Rohan
64.4%
SubTaylor Duryea
62.1%
InterchangeMatthew Spangher
58.6%
Ruck RoverLiam Shiels
56.3%
SubCraig Bird
54%
Half Forward FlankHarry Cunningham
52.9%
InterchangeJake Lloyd
42.5%

You're not logged in!

Compare scores with friends on all Sporcle quizzes.
Join for Free
OR
Log In

You Might Also Like...

Show Comments

Extras

Created Oct 31, 2014SourceReportNominate
Tags:2014, afl, final, grand, player

Top Quizzes Today


Score Distribution

Your Account Isn't Verified!

In order to create a playlist on Sporcle, you need to verify the email address you used during registration. Go to your Sporcle Settings to finish the process.

Report this User

Report this user for behavior that violates our Community Guidelines.

Details: